Pays qui possédaient Prague à travers l'histoire - Statistiques

Statistiques générales
  • Ce quiz a été pris 74 fois
  • Le résultat moyen est 12 sur 16
Statistiques - réponses
Période Pays % Correct
1993 - Aujourd'hui République Tchèque / Tchéquie
97%
1867 - 1919 Autriche Hongrie
92%
1939 - 1945 Protectorat de Bohême-Moravie
92%
1968 (Printemps de Prague) URSS
92%
1526 - 1806 Archiduché d'Autriche
89%
1806 - 1867 Empire d'Autriche
89%
1919 - 1939 Tchecoslovaquie
81%
1945 - 1993 Tchecoslovaquie
81%
1968 (Printemps de Prague) Pologne
80%
1968 (Printemps de Prague) Hongrie
75%
1061 - 1806 Saint Empire Romain Germanique
58%
1061 - 1198 Duché de Bohême
50%
1198 - 1526 Royaume de Bohême
50%
1968 (Printemps de Prague) Bulgarie
47%
1968 (Printemps de Prague) Allemagne de l'Est
45%
1815 - 1866 Confédération Germanique
31%
Aucun quiz correspondant
Distribution des résultats
% des personnes avec chaque résultat
Percentile par nombre de réponses
Votre historique - résultats
Vous n’avez pas pris ce quiz